000 00444nam a2200169Ia 4500
005 20250123003028.0
008 240331s9999 xx 000 0 und d
082 _bMAR
_2987
_a305.4
245 0 _aChanging Profiles of Women:
_bWomen in Development
260 _aColombo
_bMarga Institute
_c1989
300 _axi, 93 p., (Volume 10 No.2)
650 _aWomen
650 _aDevelopment
650 _aEquality
700 _aMarga
_eedt
942 _cL
999 _c1630
_d1630